<?xml version="1.0" encoding="UTF-8"?>
<record
    xmlns:xsi="http://www.w3.org/2001/XMLSchema-instance"
    xsi:schemaLocation="http://www.loc.gov/MARC21/slim http://www.loc.gov/standards/marcxml/schema/MARC21slim.xsd"
    xmlns="http://www.loc.gov/MARC21/slim">

  <leader>01769njm a2200349Ia 4500</leader>
  <controlfield tag="001">72470</controlfield>
  <controlfield tag="003">IT-RoPAU</controlfield>
  <controlfield tag="005">20220918181200.0</controlfield>
  <controlfield tag="008">131025s9999    xx            000 0 und d</controlfield>
  <datafield tag="040" ind1=" " ind2=" ">
    <subfield code="a">IT-RoPAU</subfield>
  </datafield>
  <datafield tag="040" ind1=" " ind2=" ">
    <subfield code="c">IT-RoPAU</subfield>
  </datafield>
  <datafield tag="041" ind1=" " ind2=" ">
    <subfield code="a">POLACCO</subfield>
  </datafield>
  <datafield tag="999" ind1=" " ind2=" ">
    <subfield code="c">102913</subfield>
    <subfield code="d">102913</subfield>
  </datafield>
  <datafield tag="999" ind1=" " ind2=" ">
    <subfield code="b">n.d.</subfield>
  </datafield>
  <datafield tag="100" ind1=" " ind2=" ">
    <subfield code="a">AA.VV.</subfield>
    <subfield code="9">794</subfield>
  </datafield>
  <datafield tag="100" ind1=" " ind2=" ">
    <subfield code="e">Autore musica</subfield>
    <subfield code="9">24522</subfield>
  </datafield>
  <datafield tag="100" ind1=" " ind2=" ">
    <subfield code="g">Codice autore musica SPICS: 12000</subfield>
    <subfield code="9">796</subfield>
  </datafield>
  <datafield tag="245" ind1=" " ind2=" ">
    <subfield code="a">Rock'N'Roll (Lp Sx T 96)</subfield>
  </datafield>
  <datafield tag="250" ind1=" " ind2=" ">
    <subfield code="a">1a ed.</subfield>
  </datafield>
  <datafield tag="260" ind1=" " ind2=" ">
    <subfield code="a">POLONIA</subfield>
  </datafield>
  <datafield tag="260" ind1=" " ind2=" ">
    <subfield code="b">TONPRESS</subfield>
    <subfield code="c">1987 [1a Ed.:1986 - Ed. Lingua Orig.: 1986]</subfield>
  </datafield>
  <datafield tag="300" ind1=" " ind2=" ">
    <subfield code="a">DISCO</subfield>
  </datafield>
  <datafield tag="500" ind1=" " ind2=" ">
    <subfield code="a">Musica rock polacca</subfield>
  </datafield>
  <datafield tag="505" ind1=" " ind2=" ">
    <subfield code="a">Jeste Glodny - Wyciagam Swoja Dlon - Frankuskie Ciasteczka - Roller Coaster - Ciagle Walcz - Wielka Fiesta - Nie Mow Tak Nie Mow- Pierwszy Karabin - Wielki Cud</subfield>
  </datafield>
  <datafield tag="511" ind1=" " ind2=" ">
    <subfield code="a">Tsa </subfield>
  </datafield>
  <datafield tag="650" ind1=" " ind2=" ">
    <subfield code="a">ROCK [DISCHI]</subfield>
    <subfield code="e">Codice MATERIA SPICS: 9950</subfield>
    <subfield code="9">1088</subfield>
  </datafield>
  <datafield tag="700" ind1=" " ind2=" ">
    <subfield code="a">Machel S.</subfield>
    <subfield code="d">Codice autore musica SPICS: 25084</subfield>
    <subfield code="e">Autore musica</subfield>
    <subfield code="p">Jeste Glodny - Wyciagam Swoja Dlon - Frankuskie Ciasteczka - Roller Coaster - Pierwszy Karabin</subfield>
    <subfield code="9">24523</subfield>
  </datafield>
  <datafield tag="700" ind1=" " ind2=" ">
    <subfield code="a">Piekarczyk M.</subfield>
    <subfield code="d">Codice autore SPICS: 25169</subfield>
    <subfield code="e">Autore</subfield>
    <subfield code="p">Jeste Glodny - Wyciagam Swoja Dlon - Frankuskie Ciasteczka - Roller Coaster - Ciagle Walcz - Wielka Fiesta - Nie Mow Tak Nie Mow - Pierwszy Karabin - Wielki Cud</subfield>
    <subfield code="9">24524</subfield>
  </datafield>
  <datafield tag="700" ind1=" " ind2=" ">
    <subfield code="a">Rzehak J.</subfield>
    <subfield code="d">Codice autore testo/musica SPICS: 25152</subfield>
    <subfield code="e">Autore testo/musica</subfield>
    <subfield code="p">Jeste Glodny - Wyciagam Swoja Dlon - Frankuskie Ciasteczka - Roller Coaster - Ciagle Walcz - Wielka Fiesta - Nie Mow Tak Nie Mow</subfield>
    <subfield code="9">24525</subfield>
  </datafield>
  <datafield tag="700" ind1=" " ind2=" ">
    <subfield code="a">Niekrasz J.</subfield>
    <subfield code="d">Codice autore musica SPICS: 25126</subfield>
    <subfield code="e">Autore musica</subfield>
    <subfield code="p">Ciagle Walcz - Wielka Fiesta - Nie Mow Tak Nie Mow</subfield>
    <subfield code="9">24526</subfield>
  </datafield>
  <datafield tag="700" ind1=" " ind2=" ">
    <subfield code="a">Kraszewski Z.</subfield>
    <subfield code="d">Codice autore musica SPICS: 25127</subfield>
    <subfield code="e">Autore musica</subfield>
    <subfield code="p">Wielki Cud</subfield>
    <subfield code="9">24527</subfield>
  </datafield>
  <datafield tag="942" ind1=" " ind2=" ">
    <subfield code="c">MD</subfield>
    <subfield code="2">ddc</subfield>
  </datafield>
  <datafield tag="952" ind1=" " ind2=" ">
    <subfield code="0">0</subfield>
    <subfield code="1">0</subfield>
    <subfield code="4">0</subfield>
    <subfield code="6">72470_000000000000000</subfield>
    <subfield code="7">1</subfield>
    <subfield code="a">SPICS</subfield>
    <subfield code="b">SPICS</subfield>
    <subfield code="d">2013-10-25</subfield>
    <subfield code="l">0</subfield>
    <subfield code="o">72470</subfield>
    <subfield code="r">2013-10-25 00:00:00</subfield>
    <subfield code="w">2013-10-25</subfield>
    <subfield code="y">MD</subfield>
    <subfield code="z">Progr. Ins.: 17352 / N.Vol.: 1 / Copie: 1 - Copia rara: n.d. / date import: 01.01.2014 - By Epidotti, Trombetti, Vaglietti</subfield>
  </datafield>
</record>
